000 00567nam a22002057a 4500
003 OSt
005 20140310183129.0
008 130531t xxu||||| |||| 00| 0 eng d
020 _a9712315649
050 _aPL 5539
_b.Ag283 1994
082 _aFIL 899.211
_bAg9 1994
245 _aReadings in Philippine literature /
_cAguilar, Celedonio G.
260 _aManila :
_bRex Book Store,
_c1994
300 _axviii, 552 p. :
_bill. ;
_c22 cm.
521 _acollege students
526 _c1210L-1700L
541 _j1
562 _e1
942 _2lcc
_cBK
_kFIL
999 _c19101
_d19101